[Event "PHI-ch U14"]
[Site "San Antonio"]
[Date "2014.04.26"]
[Round "10"]
[White "Geronimo, Noel"]
[Black "Jacutina, John Merill"]
[Result "0-1"]
[WhiteElo "1967"]
[BlackElo "2045"]
[PlyCount "74"]
[EventDate "2014.04.21"]
[EventType "swiss"]
[EventRounds "13"]
[EventCountry "PHI"]
[SourceTitle "CBM 160 Extra"]
[Source "ChessBase"]
[SourceDate "2014.07.01"]
[SourceVersion "1"]
[SourceVersionDate "2014.07.01"]
[SourceQuality "1"]

1. c4 Nf6 2. Nf3 g6 3. Nc3 Bg7 4. d4 0-0 5. e4 d6 6. Bd3 Nc6 7. h3 e5 8. d5 Nd4 9. Be3 Nd7 10. Bxd4 exd4 11. Ne2 Re8 12. 0-0 Nc5 13. Qc2 f5 14. exf5 Nxd3 15. Qxd3 Bxf5 16. Qd2 d3 17. Ned4 Bxd4 18. Nxd4 Qf6 19. Nxf5 Qxf5 20. Rae1 Re4 21. Rxe4 Qxe4 22. b3 Re8 23. Rd1 Qd4 24. Re1 Rxe1+ 25. Qxe1 d2 26. Qd1 Qc3 27. Kf1 Qd3+ 28. Kg1 Kf7 29. f3 Kf6 30. Kf2 h5 31. h4 g5 32. hxg5+ Kxg5 33. g3 Kf5 34. g4+ Kf4 35. gxh5 Qe3+ 36. Kg2 Qe1 37. Qc2 Qg3+ 0-1

[Event "PHI-ch U14"]
[Site "San Antonio"]
[Date "2014.04.21"]
[Round "1"]
[White "Geronimo, Noel"]
[Black "Canino, Romeo"]
[Result "1/2-1/2"]
[WhiteElo "1967"]
[BlackElo "1973"]
[PlyCount "144"]
[EventDate "2014.04.21"]
[EventType "swiss"]
[EventRounds "13"]
[EventCountry "PHI"]
[SourceTitle "CBM 160 Extra"]
[Source "ChessBase"]
[SourceDate "2014.07.01"]
[SourceVersion "1"]
[SourceVersionDate "2014.07.01"]
[SourceQuality "1"]

1. d4 d5 2. c4 c6 3. Nc3 Nf6 4. Nf3 e6 5. g3 Nbd7 6. Bg2 Be7 7. 0-0 0-0 8. Qc2 b6 9. e4 Ba6 10. Nd2 b5 11. e5 Ne8 12. b3 bxc4 13. bxc4 c5 14. Nb5 cxd4 15. Re1 Rc8 16. a4 Qb6 17. Rb1 Bxb5 18. Rxb5 Qc7 19. Qb2 Nxe5 20. Rb7 Qd6 21. Qxd4 Nc6 22. Qe3 Rc7 23. Rb3 Nf6 24. Ba3 Qd7 25. Bxe7 Nxe7 26. cxd5 Nexd5 27. Qd4 Nb6 28. Qxd7 Rxd7 29. Ne4 Nxe4 30. Bxe4 Nxa4 31. Bc6 Rd4 32. Ra3 Nb2 33. Rxa7 Rd1 34. Rxd1 Nxd1 35. Rd7 Nc3 36. Rd3 Na2 37. Rd2 Nb4 38. Bb7 Rb8 39. Rd4 Nd5 40. Bc6 Kf8 41. Bxd5 Rd8 42. Rh4 exd5 43. Rxh7 f6 44. Rh8+ Ke7 45. Rxd8 Kxd8 46. Kf1 Ke7 47. Ke2 Ke6 48. Ke3 Ke5 49. f4+ Kf5 50. Kd4 Kg4 51. Kxd5 Kh3 52. Ke6 Kxh2 53. g4 Kg3 54. Kf5 Kh4 55. g5 fxg5 56. fxg5 Kh5 57. g6 Kh4 58. Kf4 Kh5 59. Kf5 Kh6 60. Kf4 Kxg6 61. Kg4 Kf6 62. Kf4 g5+ 63. Kg4 Kg6 64. Kg3 Kf5 65. Kf3 g4+ 66. Kg3 Kg5 67. Kg2 Kh4 68. Kh2 g3+ 69. Kg2 Kg4 70. Kg1 Kf3 71. Kf1 g2+ 72. Kg1 Kg3 1/2-1/2